000 00673nam a2200193 i 4500
001 150132
003 ES-MaACL
005 20240608063002.0
007 t|
008 071026s1964 sp ||||1| cat d
100 1 _aValls Jordá, Joan,
_d1917-1989
_9112945
245 1 0 _aParadis en blanc
_b: Premi de poesia catalana "Ciutat de Barcelona" /
_cJoan Valls Jordá.
260 _aAlcoy :
_bInstituto Alcoyano de Cultura "Andrés Sempere",
_c1964.
300 _a63 p. ;
_c22 cm.
710 2 _aInstituto Alcoyano de Cultura "Andrés Sempere"
_94790
852 _aES-MaACL
_jC-26183
_bR.54666
852 _aES-MaACL
_jC-26009
_bR.54926
999 _c150132
_d150132